Clinical pharmacology and therapeutics : (Record no. 20877)
[ view plain ]
| 000 -LEADER | |
|---|---|
| fixed length control field | 02279nam a2200337 i 4500 |
| 001 - CONTROL NUMBER | |
| control field | 11833949 |
| 003 - CONTROL NUMBER IDENTIFIER | |
| control field | EG-ScBUE |
| 005 - DATE AND TIME OF LATEST TRANSACTION | |
| control field | 20260106094855.0 |
| 008 - FIXED-LENGTH DATA ELEMENTS--GENERAL INFORMATION | |
| fixed length control field | 121107s2013 enka f b 001 0 eng d |
| 020 ## - INTERNATIONAL STANDARD BOOK NUMBER | |
| Cancelled/invalid ISBN | 9781118344811 (pbk. : alk. paper) |
| 040 ## - CATALOGING SOURCE | |
| Original cataloging agency | CaPaEBR |
| Language of cataloging | eng |
| Description conventions | rda |
| Transcribing agency | CaPaEBR |
| Modifying agency | EG-ScBUE |
| 082 04 - DEWEY DECIMAL CLASSIFICATION NUMBER | |
| Classification number | 615.1 |
| Item number | CLI |
| Edition number | 22 |
| 245 00 - TITLE STATEMENT | |
| Title | Clinical pharmacology and therapeutics : |
| Remainder of title | lecture notes / |
| Statement of responsibility, etc | edited by Gerard A. McKay, Matthew R. Walters. |
| 250 ## - EDITION STATEMENT | |
| Edition statement | Ninth edition. |
| 264 #1 - PUBLICATION, DISTRIBUTION, ETC. (IMPRINT) | |
| Place of publication, distribution, etc | Oxford ; |
| -- | West Sussex ; |
| Name of publisher, distributor, etc | Hoboken : John Wiley & Sons, |
| Date of publication, distribution, etc | 2013. |
| 300 ## - PHYSICAL DESCRIPTION | |
| Extent | 318 pages : |
| Other physical details | illustrations ; |
| Dimensions | 24 cm. |
| 336 ## - CONTENT TYPE | |
| Source | rdacontent |
| Content type term | text |
| Content type code | txt |
| 337 ## - MEDIA TYPE | |
| Source | rdamedia |
| Media type term | unmediated |
| Media type code | n |
| 338 ## - CARRIER TYPE | |
| Source | rdacarrier |
| Carrier type term | volume |
| Carrier type code | nc |
| 490 0# - SERIES STATEMENT | |
| Series statement | The lecture notes series |
| 504 ## - BIBLIOGRAPHY, ETC. NOTE | |
| Bibliography, etc | Includes bibliographical references and index.<br/> |
| 505 0# - FORMATTED CONTENTS NOTE | |
| Formatted contents note | Pharmacodynamics and pharmacokinetics -- Clinical trials and drug development -- Drugs and gastrointestinal disease -- Management of coronary artery disease and its complications -- Primary and secondary prevention of cardiovascular disease -- Drugs used to treat respiratory disease -- Drugs used to treat neurological disease -- Treatment of psychiatric disorders -- Antimicrobial therapy -- HIV and antiretroviral treatment -- Travel medicine and tropical disease -- Drugs and endocrine disease -- Drugs and the reproductive system -- Drugs and the urological system -- Cancer therapeutics -- Drugs and inflammatory joint disease -- Immunopharmacology -- Drugs and the blood including anticoagulants and thrombolytic drugs -- Drugs used for pain relief and anaesthesia -- Clinical pharmacokinetics : dosage individualisation -- Influence of renal and hepatic disease on pharmacokinetics and pharmacodynamics -- Prescribing for the young and the elderly -- Drugs in pregnant and breast-feeding women -- Pharmacoeconomics: the economic evaluation of new drugs -- Poisoning and drug overdose -- Drugs you may need in a hurry -- Prescribing and its pitfalls. |
| 650 #7 - SUBJECT ADDED ENTRY--TOPICAL TERM | |
| Topical term or geographic name as entry element | Pharmacology. |
| Source of heading or term | BUEsh |
| 9 (RLIN) | 12590 |
| 650 #7 - SUBJECT ADDED ENTRY--TOPICAL TERM | |
| Topical term or geographic name as entry element | Therapeutics. |
| Source of heading or term | BUEsh |
| 651 ## - SUBJECT ADDED ENTRY--GEOGRAPHIC NAME | |
| Source of heading or term | BUEsh |
| 653 ## - INDEX TERM--UNCONTROLLED | |
| Resource For college | Pharmacy |
| Arrived date list | October2015 |
| 655 ## - INDEX TERM--GENRE/FORM | |
| Form subdivision | Reading book |
| 700 1# - ADDED ENTRY--PERSONAL NAME | |
| Personal name | McKay, Gerard A., |
| Relator term | editor. |
| 700 1# - ADDED ENTRY--PERSONAL NAME | |
| Personal name | Walters, Matthew R., |
| Relator term | editor. |
| 942 ## - ADDED ENTRY ELEMENTS (KOHA) | |
| Source of classification or shelving scheme | Dewey Decimal Classification |
| Koha item type | Book - Borrowing |
| Withdrawn status | Lost status | Source of classification or shelving scheme | Damaged status | Not for loan | Collection code | Home library | Current library | Shelving location | Date acquired | Source of acquisition | Total Checkouts | Total Renewals | Full call number | Barcode | Date last seen | Date checked out | Koha item type |
|---|---|---|---|---|---|---|---|---|---|---|---|---|---|---|---|---|---|
| Dewey Decimal Classification | Baccah | Central Library | Central Library | First floor | 01/10/2015 | Purchase | 3 | 18 | 615.1 CLI | 000030997 | 17/09/2018 | 09/02/2016 | Book - Borrowing |